Statistics for NBA Players By Letter - D

Click here to take the quiz!

General Stats

  • This quiz has been taken 302 times
    (289 since last reset)
  • The average score is 14 of 21

Answer Stats

First NameSurnameTeam% Correct
DeyontaDavisMemphis Grizzlies
96%
EdDavisPortland Trail Blazers
96%
AnthonyDavisNew Orleans Pelicans
96%
DeMarDeRozanToronto Raptors
96%
GoranDragicMiami Heat
90%
LuolDengLos Angeles Lakers
87%
KevinDurantGolden State Warriors
81%
SpencerDinwiddieBrooklyn Nets
80%
AndreDrummondDetroit Pistons
77%
DewayneDedmonSan Antonio Spurs
72%
BorisDiawUtah Jazz
71%
GorguiDiengMinnesota Timberwolves
66%
KrisDunnMinnesota Timberwolves
60%
JaredDudleyPhoenix Suns
57%
TroyDanielsMemphis Grizzlies
50%
MatthewDellavedovaMilwaukee Bucks
45%
SamDekkerHouston Rockets
38%
CheickDialloNew Orleans Pelicans
36%
MikeDunleavyCleveland Cavaliers
33%
ToneyDouglasMemphis Grizzlies
17%
MalcomDelaneyAtlanta Hawks
13%

Score Distribution

Percentile by Number Answered

Percent of People with Each Score

Your Score History

You have not taken this quiz since the last reset